<?xml version="1.0" encoding="UTF-8"?>
<record
    xmlns:xsi="http://www.w3.org/2001/XMLSchema-instance"
    xsi:schemaLocation="http://www.loc.gov/MARC21/slim http://www.loc.gov/standards/marcxml/schema/MARC21slim.xsd"
    xmlns="http://www.loc.gov/MARC21/slim">

  <leader>01566nam a22003737a 4500</leader>
  <controlfield tag="005">20180714153430.0</controlfield>
  <datafield tag="010" ind1=" " ind2=" ">
    <subfield code="a">ENG-109038-040</subfield>
  </datafield>
  <datafield tag="020" ind1=" " ind2=" ">
    <subfield code="a">9788180698910</subfield>
    <subfield code="c">4800.00(set of 3 vols.)</subfield>
  </datafield>
  <datafield tag="020" ind1=" " ind2=" ">
    <subfield code="a">8180698912</subfield>
    <subfield code="c">4800.00(set of 3 vols.)</subfield>
  </datafield>
  <datafield tag="020" ind1=" " ind2=" ">
    <subfield code="a">9788180698927(v.1)</subfield>
    <subfield code="c">4800.00(set of 3 vols.)</subfield>
  </datafield>
  <datafield tag="020" ind1=" " ind2=" ">
    <subfield code="a">9788180698934(v.2)</subfield>
    <subfield code="c">4800.00(set of 3 vols.)</subfield>
  </datafield>
  <datafield tag="020" ind1=" " ind2=" ">
    <subfield code="a">9788180698941(v.3)</subfield>
    <subfield code="c">4800.00(set of 3 vols.)</subfield>
  </datafield>
  <datafield tag="035" ind1=" " ind2=" ">
    <subfield code="a">EN-92571-573</subfield>
  </datafield>
  <datafield tag="035" ind1=" " ind2=" ">
    <subfield code="a">B-500347-362  B-519533-564</subfield>
  </datafield>
  <datafield tag="037" ind1=" " ind2=" ">
    <subfield code="b">DBAD/PUB</subfield>
  </datafield>
  <datafield tag="082" ind1=" " ind2=" ">
    <subfield code="a">954.035092</subfield>
  </datafield>
  <datafield tag="082" ind1=" " ind2=" ">
    <subfield code="a">921</subfield>
  </datafield>
  <datafield tag="100" ind1=" " ind2=" ">
    <subfield code="a">Gandhi, Mahatma</subfield>
  </datafield>
  <datafield tag="245" ind1=" " ind2=" ">
    <subfield code="a">The Complete Biography of Mahatma Gandhi /</subfield>
    <subfield code="c">edited by Anil Dutta Mishra [and] Sohan Raj Tater</subfield>
  </datafield>
  <datafield tag="260" ind1=" " ind2=" ">
    <subfield code="a">New Delhi</subfield>
    <subfield code="b">Concept Publishing</subfield>
    <subfield code="c">2012</subfield>
  </datafield>
  <datafield tag="270" ind1=" " ind2=" ">
    <subfield code="a">A/15-16, Commercial Block, Mohan Garden</subfield>
    <subfield code="b">New Delhi</subfield>
    <subfield code="e">110059</subfield>
  </datafield>
  <datafield tag="300" ind1=" " ind2=" ">
    <subfield code="a">3V.(xi,332p.;viii,220p.;vi,373p.)</subfield>
    <subfield code="c">24cm(Hb)</subfield>
  </datafield>
  <datafield tag="500" ind1=" " ind2=" ">
    <subfield code="a">Includes index</subfield>
  </datafield>
  <datafield tag="505" ind1=" " ind2=" ">
    <subfield code="a">V.1-An autobiography or the story of My experiments with truth M.K. Gandhi ; V.2-Satyagraha in South Africa ; V.3-Chronological biography of Mahatma Gandhi</subfield>
  </datafield>
  <datafield tag="600" ind1=" " ind2=" ">
    <subfield code="a">Gandhi,Mahatma</subfield>
    <subfield code="d">1869-1948</subfield>
  </datafield>
  <datafield tag="650" ind1=" " ind2=" ">
    <subfield code="a">Statesman</subfield>
    <subfield code="z">India</subfield>
    <subfield code="x">Biography</subfield>
  </datafield>
  <datafield tag="650" ind1=" " ind2=" ">
    <subfield code="a">Nationalist</subfield>
    <subfield code="z">India</subfield>
    <subfield code="x">Biography</subfield>
  </datafield>
  <datafield tag="650" ind1=" " ind2=" ">
    <subfield code="a">East Indians</subfield>
    <subfield code="z">South Africa</subfield>
  </datafield>
  <datafield tag="650" ind1=" " ind2=" ">
    <subfield code="a">Passive resistance</subfield>
  </datafield>
  <datafield tag="700" ind1=" " ind2=" ">
    <subfield code="a">Mishra, Anil Dutta</subfield>
  </datafield>
  <datafield tag="700" ind1=" " ind2=" ">
    <subfield code="a">Tater,Sohan Raj</subfield>
  </datafield>
  <datafield tag="942" ind1=" " ind2=" ">
    <subfield code="2">ddc</subfield>
    <subfield code="c">EN</subfield>
    <subfield code="m">GAN</subfield>
    <subfield code="h">921</subfield>
  </datafield>
  <datafield tag="999" ind1=" " ind2=" ">
    <subfield code="c">81710</subfield>
    <subfield code="d">81710</subfield>
  </datafield>
  <datafield tag="952" ind1=" " ind2=" ">
    <subfield code="0">0</subfield>
    <subfield code="1">0</subfield>
    <subfield code="3">V.1</subfield>
    <subfield code="4">0</subfield>
    <subfield code="7">1</subfield>
    <subfield code="8">REF</subfield>
    <subfield code="a">L</subfield>
    <subfield code="b">L</subfield>
    <subfield code="d">2014-03-24</subfield>
    <subfield code="e">Mallika Books/99/15.03.2013/174/08.03.2013/18.03.2013</subfield>
    <subfield code="g">4800.00</subfield>
    <subfield code="l">0</subfield>
    <subfield code="o">921 GAN</subfield>
    <subfield code="p">B-500347</subfield>
    <subfield code="r">2014-03-24 00:00:00</subfield>
    <subfield code="t">1</subfield>
    <subfield code="v">4800.00</subfield>
    <subfield code="y">EN</subfield>
    <subfield code="z">set of 3 vols</subfield>
  </datafield>
  <datafield tag="952" ind1=" " ind2=" ">
    <subfield code="0">0</subfield>
    <subfield code="1">0</subfield>
    <subfield code="3">V.2</subfield>
    <subfield code="4">0</subfield>
    <subfield code="7">1</subfield>
    <subfield code="8">REF</subfield>
    <subfield code="a">L</subfield>
    <subfield code="b">L</subfield>
    <subfield code="d">2014-03-24</subfield>
    <subfield code="e">Mallika Books/99/15.03.2013/174/08.03.2013/18.03.2013</subfield>
    <subfield code="g">4800.00</subfield>
    <subfield code="l">0</subfield>
    <subfield code="o">921 GAN</subfield>
    <subfield code="p">B-500348</subfield>
    <subfield code="r">2014-03-24 00:00:00</subfield>
    <subfield code="t">1</subfield>
    <subfield code="v">4800.00</subfield>
    <subfield code="y">EN</subfield>
    <subfield code="z">set of 3 vols</subfield>
  </datafield>
  <datafield tag="952" ind1=" " ind2=" ">
    <subfield code="0">0</subfield>
    <subfield code="1">0</subfield>
    <subfield code="3">V.3</subfield>
    <subfield code="4">0</subfield>
    <subfield code="7">1</subfield>
    <subfield code="8">REF</subfield>
    <subfield code="a">L</subfield>
    <subfield code="b">L</subfield>
    <subfield code="d">2014-03-24</subfield>
    <subfield code="e">Mallika Books/99/15.03.2013/174/08.03.2013/18.03.2013</subfield>
    <subfield code="g">4800.00</subfield>
    <subfield code="l">0</subfield>
    <subfield code="o">921 GAN</subfield>
    <subfield code="p">B-500349</subfield>
    <subfield code="r">2014-03-24 00:00:00</subfield>
    <subfield code="t">1</subfield>
    <subfield code="v">4800.00</subfield>
    <subfield code="y">EN</subfield>
    <subfield code="z">set of 3 vols</subfield>
  </datafield>
  <datafield tag="952" ind1=" " ind2=" ">
    <subfield code="0">0</subfield>
    <subfield code="1">0</subfield>
    <subfield code="3">V.1</subfield>
    <subfield code="4">0</subfield>
    <subfield code="7">0</subfield>
    <subfield code="8">NFIC</subfield>
    <subfield code="a">BL1</subfield>
    <subfield code="b">BL1</subfield>
    <subfield code="d">2014-03-24</subfield>
    <subfield code="e">Mallika Books/99/15.03.2013/174/08.03.2013/18.03.2013</subfield>
    <subfield code="g">4800.00</subfield>
    <subfield code="l">3</subfield>
    <subfield code="o">921 GAN</subfield>
    <subfield code="p">B-500350</subfield>
    <subfield code="r">2024-03-18 00:00:00</subfield>
    <subfield code="s">2024-03-12</subfield>
    <subfield code="t">1</subfield>
    <subfield code="v">4800.00</subfield>
    <subfield code="y">EN</subfield>
    <subfield code="z">set of 3 vols</subfield>
  </datafield>
  <datafield tag="952" ind1=" " ind2=" ">
    <subfield code="0">0</subfield>
    <subfield code="1">0</subfield>
    <subfield code="3">V.2</subfield>
    <subfield code="4">0</subfield>
    <subfield code="7">0</subfield>
    <subfield code="8">NFIC</subfield>
    <subfield code="a">BL1</subfield>
    <subfield code="b">BL1</subfield>
    <subfield code="d">2014-03-24</subfield>
    <subfield code="e">Mallika Books/99/15.03.2013/174/08.03.2013/18.03.2013</subfield>
    <subfield code="g">4800.00</subfield>
    <subfield code="l">1</subfield>
    <subfield code="o">921 GAN</subfield>
    <subfield code="p">B-500351</subfield>
    <subfield code="r">2025-06-02 00:00:00</subfield>
    <subfield code="s">2025-06-02</subfield>
    <subfield code="t">1</subfield>
    <subfield code="v">4800.00</subfield>
    <subfield code="y">EN</subfield>
    <subfield code="z">set of 3 vols</subfield>
  </datafield>
  <datafield tag="952" ind1=" " ind2=" ">
    <subfield code="0">0</subfield>
    <subfield code="1">0</subfield>
    <subfield code="3">V.3</subfield>
    <subfield code="4">0</subfield>
    <subfield code="7">0</subfield>
    <subfield code="8">NFIC</subfield>
    <subfield code="a">BL1</subfield>
    <subfield code="b">BL1</subfield>
    <subfield code="d">2014-03-24</subfield>
    <subfield code="e">Mallika Books/99/15.03.2013/174/08.03.2013/18.03.2013</subfield>
    <subfield code="g">4800.00</subfield>
    <subfield code="l">1</subfield>
    <subfield code="o">921 GAN</subfield>
    <subfield code="p">B-500352</subfield>
    <subfield code="r">2022-11-25 00:00:00</subfield>
    <subfield code="s">2022-11-10</subfield>
    <subfield code="t">1</subfield>
    <subfield code="v">4800.00</subfield>
    <subfield code="y">EN</subfield>
    <subfield code="z">set of 3 vols</subfield>
  </datafield>
  <datafield tag="952" ind1=" " ind2=" ">
    <subfield code="0">0</subfield>
    <subfield code="1">0</subfield>
    <subfield code="3">V.1</subfield>
    <subfield code="4">0</subfield>
    <subfield code="7">0</subfield>
    <subfield code="8">NFIC</subfield>
    <subfield code="a">KGM</subfield>
    <subfield code="b">KGM</subfield>
    <subfield code="d">2014-03-24</subfield>
    <subfield code="e">Mallika Books/99/15.03.2013/174/08.03.2013/18.03.2013</subfield>
    <subfield code="g">4800.00</subfield>
    <subfield code="l">1</subfield>
    <subfield code="o">921 GAN</subfield>
    <subfield code="p">B-500353</subfield>
    <subfield code="r">2024-05-15 00:00:00</subfield>
    <subfield code="s">2024-05-01</subfield>
    <subfield code="t">1</subfield>
    <subfield code="v">4800.00</subfield>
    <subfield code="y">EN</subfield>
    <subfield code="z">set of 3 vols</subfield>
  </datafield>
  <datafield tag="952" ind1=" " ind2=" ">
    <subfield code="0">0</subfield>
    <subfield code="1">0</subfield>
    <subfield code="3">V.2</subfield>
    <subfield code="4">0</subfield>
    <subfield code="7">0</subfield>
    <subfield code="8">NFIC</subfield>
    <subfield code="a">KGM</subfield>
    <subfield code="b">KGM</subfield>
    <subfield code="d">2014-03-24</subfield>
    <subfield code="e">Mallika Books/99/15.03.2013/174/08.03.2013/18.03.2013</subfield>
    <subfield code="g">4800.00</subfield>
    <subfield code="l">0</subfield>
    <subfield code="o">921 GAN</subfield>
    <subfield code="p">B-500354</subfield>
    <subfield code="r">2014-03-24 00:00:00</subfield>
    <subfield code="t">1</subfield>
    <subfield code="v">4800.00</subfield>
    <subfield code="y">EN</subfield>
    <subfield code="z">set of 3 vols</subfield>
  </datafield>
  <datafield tag="952" ind1=" " ind2=" ">
    <subfield code="0">0</subfield>
    <subfield code="1">0</subfield>
    <subfield code="3">V.3</subfield>
    <subfield code="4">0</subfield>
    <subfield code="7">0</subfield>
    <subfield code="8">NFIC</subfield>
    <subfield code="a">KGM</subfield>
    <subfield code="b">KGM</subfield>
    <subfield code="d">2014-03-24</subfield>
    <subfield code="e">Mallika Books/99/15.03.2013/174/08.03.2013/18.03.2013</subfield>
    <subfield code="g">4800.00</subfield>
    <subfield code="l">0</subfield>
    <subfield code="o">921 GAN</subfield>
    <subfield code="p">B-500355</subfield>
    <subfield code="r">2014-03-24 00:00:00</subfield>
    <subfield code="t">1</subfield>
    <subfield code="v">4800.00</subfield>
    <subfield code="y">EN</subfield>
    <subfield code="z">set of 3 vols</subfield>
  </datafield>
  <datafield tag="952" ind1=" " ind2=" ">
    <subfield code="0">0</subfield>
    <subfield code="1">0</subfield>
    <subfield code="3">V.1</subfield>
    <subfield code="4">0</subfield>
    <subfield code="7">0</subfield>
    <subfield code="8">NFIC</subfield>
    <subfield code="a">PR</subfield>
    <subfield code="b">PR</subfield>
    <subfield code="d">2014-03-24</subfield>
    <subfield code="e">Mallika Books/99/15.03.2013/174/08.03.2013/18.03.2013</subfield>
    <subfield code="g">4800.00</subfield>
    <subfield code="l">0</subfield>
    <subfield code="o">921 GAN</subfield>
    <subfield code="p">B-500356</subfield>
    <subfield code="r">2014-03-24 00:00:00</subfield>
    <subfield code="t">1</subfield>
    <subfield code="v">4800.00</subfield>
    <subfield code="y">EN</subfield>
    <subfield code="z">set of 3 vols</subfield>
  </datafield>
  <datafield tag="952" ind1=" " ind2=" ">
    <subfield code="0">0</subfield>
    <subfield code="1">0</subfield>
    <subfield code="3">V.2</subfield>
    <subfield code="4">0</subfield>
    <subfield code="7">0</subfield>
    <subfield code="8">NFIC</subfield>
    <subfield code="a">PR</subfield>
    <subfield code="b">PR</subfield>
    <subfield code="d">2014-03-24</subfield>
    <subfield code="e">Mallika Books/99/15.03.2013/174/08.03.2013/18.03.2013</subfield>
    <subfield code="g">4800.00</subfield>
    <subfield code="l">0</subfield>
    <subfield code="o">921 GAN</subfield>
    <subfield code="p">B-500357</subfield>
    <subfield code="r">2014-03-24 00:00:00</subfield>
    <subfield code="t">1</subfield>
    <subfield code="v">4800.00</subfield>
    <subfield code="y">EN</subfield>
    <subfield code="z">set of 3 vols</subfield>
  </datafield>
  <datafield tag="952" ind1=" " ind2=" ">
    <subfield code="0">0</subfield>
    <subfield code="1">0</subfield>
    <subfield code="3">V.3</subfield>
    <subfield code="4">0</subfield>
    <subfield code="7">0</subfield>
    <subfield code="8">NFIC</subfield>
    <subfield code="a">PR</subfield>
    <subfield code="b">PR</subfield>
    <subfield code="d">2014-03-24</subfield>
    <subfield code="e">Mallika Books/99/15.03.2013/174/08.03.2013/18.03.2013</subfield>
    <subfield code="g">4800.00</subfield>
    <subfield code="l">0</subfield>
    <subfield code="o">921 GAN</subfield>
    <subfield code="p">B-500358</subfield>
    <subfield code="r">2014-03-24 00:00:00</subfield>
    <subfield code="t">1</subfield>
    <subfield code="v">4800.00</subfield>
    <subfield code="y">EN</subfield>
    <subfield code="z">set of 3 vols</subfield>
  </datafield>
  <datafield tag="952" ind1=" " ind2=" ">
    <subfield code="0">0</subfield>
    <subfield code="1">0</subfield>
    <subfield code="3">V.1</subfield>
    <subfield code="4">0</subfield>
    <subfield code="7">0</subfield>
    <subfield code="8">NFIC</subfield>
    <subfield code="a">TN</subfield>
    <subfield code="b">TN</subfield>
    <subfield code="d">2014-03-24</subfield>
    <subfield code="e">Mallika Books/99/15.03.2013/174/08.03.2013/18.03.2013</subfield>
    <subfield code="g">4800.00</subfield>
    <subfield code="l">0</subfield>
    <subfield code="o">921 GAN</subfield>
    <subfield code="p">B-500359</subfield>
    <subfield code="r">2014-03-24 00:00:00</subfield>
    <subfield code="t">1</subfield>
    <subfield code="v">4800.00</subfield>
    <subfield code="y">EN</subfield>
    <subfield code="z">set of 3 vols</subfield>
  </datafield>
  <datafield tag="952" ind1=" " ind2=" ">
    <subfield code="0">0</subfield>
    <subfield code="1">0</subfield>
    <subfield code="3">V.2</subfield>
    <subfield code="4">0</subfield>
    <subfield code="7">0</subfield>
    <subfield code="8">NFIC</subfield>
    <subfield code="a">TN</subfield>
    <subfield code="b">TN</subfield>
    <subfield code="d">2014-03-24</subfield>
    <subfield code="e">Mallika Books/99/15.03.2013/174/08.03.2013/18.03.2013</subfield>
    <subfield code="g">4800.00</subfield>
    <subfield code="l">0</subfield>
    <subfield code="o">921 GAN</subfield>
    <subfield code="p">B-500360</subfield>
    <subfield code="r">2014-03-24 00:00:00</subfield>
    <subfield code="t">1</subfield>
    <subfield code="v">4800.00</subfield>
    <subfield code="y">EN</subfield>
    <subfield code="z">set of 3 vols</subfield>
  </datafield>
  <datafield tag="952" ind1=" " ind2=" ">
    <subfield code="0">0</subfield>
    <subfield code="1">0</subfield>
    <subfield code="3">V.3</subfield>
    <subfield code="4">0</subfield>
    <subfield code="7">0</subfield>
    <subfield code="8">NFIC</subfield>
    <subfield code="a">TN</subfield>
    <subfield code="b">TN</subfield>
    <subfield code="d">2014-03-24</subfield>
    <subfield code="e">Mallika Books/99/15.03.2013/174/08.03.2013/18.03.2013</subfield>
    <subfield code="g">4800.00</subfield>
    <subfield code="l">0</subfield>
    <subfield code="o">921 GAN</subfield>
    <subfield code="p">B-500361</subfield>
    <subfield code="r">2014-03-24 00:00:00</subfield>
    <subfield code="t">1</subfield>
    <subfield code="v">4800.00</subfield>
    <subfield code="y">EN</subfield>
    <subfield code="z">set of 3 vols</subfield>
  </datafield>
  <datafield tag="952" ind1=" " ind2=" ">
    <subfield code="0">0</subfield>
    <subfield code="1">0</subfield>
    <subfield code="3">V.1</subfield>
    <subfield code="4">0</subfield>
    <subfield code="7">0</subfield>
    <subfield code="8">NFIC</subfield>
    <subfield code="a">CJ</subfield>
    <subfield code="b">CJ</subfield>
    <subfield code="d">2014-03-24</subfield>
    <subfield code="e">Mallika Books/99/15.03.2013/174/08.03.2013/18.03.2013</subfield>
    <subfield code="g">4800.00</subfield>
    <subfield code="l">0</subfield>
    <subfield code="o">921 GAN</subfield>
    <subfield code="p">B-500362</subfield>
    <subfield code="r">2014-03-24 00:00:00</subfield>
    <subfield code="t">1</subfield>
    <subfield code="v">4800.00</subfield>
    <subfield code="y">EN</subfield>
    <subfield code="z">set of 3 vols</subfield>
  </datafield>
  <datafield tag="952" ind1=" " ind2=" ">
    <subfield code="0">0</subfield>
    <subfield code="1">0</subfield>
    <subfield code="3">V.2</subfield>
    <subfield code="4">0</subfield>
    <subfield code="7">0</subfield>
    <subfield code="8">NFIC</subfield>
    <subfield code="a">CJ</subfield>
    <subfield code="b">CJ</subfield>
    <subfield code="d">2014-03-24</subfield>
    <subfield code="e">Mallika Books/99/15.03.2013/174/08.03.2013/28.03.2013</subfield>
    <subfield code="g">4800.00</subfield>
    <subfield code="l">0</subfield>
    <subfield code="o">921 GAN</subfield>
    <subfield code="p">B-519533</subfield>
    <subfield code="r">2014-03-24 00:00:00</subfield>
    <subfield code="t">1</subfield>
    <subfield code="v">4800.00</subfield>
    <subfield code="y">EN</subfield>
    <subfield code="z">set of 3 vols</subfield>
  </datafield>
  <datafield tag="952" ind1=" " ind2=" ">
    <subfield code="0">0</subfield>
    <subfield code="1">0</subfield>
    <subfield code="3">V.3</subfield>
    <subfield code="4">0</subfield>
    <subfield code="7">0</subfield>
    <subfield code="8">NFIC</subfield>
    <subfield code="a">CJ</subfield>
    <subfield code="b">CJ</subfield>
    <subfield code="d">2014-03-24</subfield>
    <subfield code="e">Mallika Books/99/15.03.2013/174/08.03.2013/28.03.2013</subfield>
    <subfield code="g">4800.00</subfield>
    <subfield code="l">0</subfield>
    <subfield code="o">921 GAN</subfield>
    <subfield code="p">B-519534</subfield>
    <subfield code="r">2014-03-24 00:00:00</subfield>
    <subfield code="t">1</subfield>
    <subfield code="v">4800.00</subfield>
    <subfield code="y">EN</subfield>
    <subfield code="z">set of 3 vols</subfield>
  </datafield>
  <datafield tag="952" ind1=" " ind2=" ">
    <subfield code="0">0</subfield>
    <subfield code="1">0</subfield>
    <subfield code="3">V.1</subfield>
    <subfield code="4">0</subfield>
    <subfield code="7">0</subfield>
    <subfield code="8">NFIC</subfield>
    <subfield code="a">DIZ</subfield>
    <subfield code="b">DIZ</subfield>
    <subfield code="d">2014-03-24</subfield>
    <subfield code="e">Mallika Books/99/15.03.2013/174/08.03.2013/28.03.2013</subfield>
    <subfield code="g">4800.00</subfield>
    <subfield code="l">0</subfield>
    <subfield code="o">921 GAN</subfield>
    <subfield code="p">B-519535</subfield>
    <subfield code="r">2014-03-24 00:00:00</subfield>
    <subfield code="t">1</subfield>
    <subfield code="v">4800.00</subfield>
    <subfield code="y">EN</subfield>
    <subfield code="z">set of 3 vols</subfield>
  </datafield>
  <datafield tag="952" ind1=" " ind2=" ">
    <subfield code="0">0</subfield>
    <subfield code="1">0</subfield>
    <subfield code="3">V.2</subfield>
    <subfield code="4">0</subfield>
    <subfield code="7">0</subfield>
    <subfield code="8">NFIC</subfield>
    <subfield code="a">DIZ</subfield>
    <subfield code="b">DIZ</subfield>
    <subfield code="d">2014-03-24</subfield>
    <subfield code="e">Mallika Books/99/15.03.2013/174/08.03.2013/28.03.2013</subfield>
    <subfield code="g">4800.00</subfield>
    <subfield code="l">0</subfield>
    <subfield code="o">921 GAN</subfield>
    <subfield code="p">B-519536</subfield>
    <subfield code="r">2014-03-24 00:00:00</subfield>
    <subfield code="t">1</subfield>
    <subfield code="v">4800.00</subfield>
    <subfield code="y">EN</subfield>
    <subfield code="z">set of 3 vols</subfield>
  </datafield>
  <datafield tag="952" ind1=" " ind2=" ">
    <subfield code="0">0</subfield>
    <subfield code="1">0</subfield>
    <subfield code="3">V.3</subfield>
    <subfield code="4">0</subfield>
    <subfield code="7">0</subfield>
    <subfield code="8">NFIC</subfield>
    <subfield code="a">DIZ</subfield>
    <subfield code="b">DIZ</subfield>
    <subfield code="d">2014-03-24</subfield>
    <subfield code="e">Mallika Books/99/15.03.2013/174/08.03.2013/28.03.2013</subfield>
    <subfield code="g">4800.00</subfield>
    <subfield code="l">0</subfield>
    <subfield code="o">921 GAN</subfield>
    <subfield code="p">B-519537</subfield>
    <subfield code="r">2014-03-24 00:00:00</subfield>
    <subfield code="t">1</subfield>
    <subfield code="v">4800.00</subfield>
    <subfield code="y">EN</subfield>
    <subfield code="z">set of 3 vols</subfield>
  </datafield>
  <datafield tag="952" ind1=" " ind2=" ">
    <subfield code="0">0</subfield>
    <subfield code="1">0</subfield>
    <subfield code="3">V.1</subfield>
    <subfield code="4">0</subfield>
    <subfield code="7">0</subfield>
    <subfield code="8">NFIC</subfield>
    <subfield code="a">JP</subfield>
    <subfield code="b">JP</subfield>
    <subfield code="d">2014-03-24</subfield>
    <subfield code="e">Mallika Books/99/15.03.2013/174/08.03.2013/28.03.2013</subfield>
    <subfield code="g">4800.00</subfield>
    <subfield code="l">6</subfield>
    <subfield code="m">1</subfield>
    <subfield code="o">921 GAN</subfield>
    <subfield code="p">B-519538</subfield>
    <subfield code="r">2019-10-29 00:00:00</subfield>
    <subfield code="s">2019-10-11</subfield>
    <subfield code="t">1</subfield>
    <subfield code="v">4800.00</subfield>
    <subfield code="y">EN</subfield>
    <subfield code="z">set of 3 vols</subfield>
  </datafield>
  <datafield tag="952" ind1=" " ind2=" ">
    <subfield code="0">0</subfield>
    <subfield code="1">0</subfield>
    <subfield code="3">V.2</subfield>
    <subfield code="4">0</subfield>
    <subfield code="7">0</subfield>
    <subfield code="8">NFIC</subfield>
    <subfield code="a">JP</subfield>
    <subfield code="b">JP</subfield>
    <subfield code="d">2014-03-24</subfield>
    <subfield code="e">Mallika Books/99/15.03.2013/174/08.03.2013/28.03.2013</subfield>
    <subfield code="g">4800.00</subfield>
    <subfield code="l">2</subfield>
    <subfield code="o">921 GAN</subfield>
    <subfield code="p">B-519539</subfield>
    <subfield code="r">2015-07-17 00:00:00</subfield>
    <subfield code="s">2015-06-22</subfield>
    <subfield code="t">1</subfield>
    <subfield code="v">4800.00</subfield>
    <subfield code="y">EN</subfield>
    <subfield code="z">set of 3 vols</subfield>
  </datafield>
  <datafield tag="952" ind1=" " ind2=" ">
    <subfield code="0">0</subfield>
    <subfield code="1">0</subfield>
    <subfield code="3">V.3</subfield>
    <subfield code="4">0</subfield>
    <subfield code="7">0</subfield>
    <subfield code="8">NFIC</subfield>
    <subfield code="a">JP</subfield>
    <subfield code="b">JP</subfield>
    <subfield code="d">2014-03-24</subfield>
    <subfield code="e">Mallika Books/99/15.03.2013/174/08.03.2013/28.03.2013</subfield>
    <subfield code="g">4800.00</subfield>
    <subfield code="l">6</subfield>
    <subfield code="o">921 GAN</subfield>
    <subfield code="p">B-519540</subfield>
    <subfield code="r">2021-10-05 00:00:00</subfield>
    <subfield code="s">2021-10-01</subfield>
    <subfield code="t">1</subfield>
    <subfield code="v">4800.00</subfield>
    <subfield code="y">EN</subfield>
    <subfield code="z">set of 3 vols</subfield>
  </datafield>
  <datafield tag="952" ind1=" " ind2=" ">
    <subfield code="0">0</subfield>
    <subfield code="1">0</subfield>
    <subfield code="3">V.1</subfield>
    <subfield code="4">0</subfield>
    <subfield code="7">0</subfield>
    <subfield code="8">NFIC</subfield>
    <subfield code="a">ZLS</subfield>
    <subfield code="b">ZLS</subfield>
    <subfield code="d">2014-03-24</subfield>
    <subfield code="e">Mallika Books/99/15.03.2013/174/08.03.2013/28.03.2013</subfield>
    <subfield code="g">4800.00</subfield>
    <subfield code="l">0</subfield>
    <subfield code="o">921 GAN</subfield>
    <subfield code="p">B-519541</subfield>
    <subfield code="r">2014-03-24 00:00:00</subfield>
    <subfield code="t">1</subfield>
    <subfield code="v">4800.00</subfield>
    <subfield code="y">EN</subfield>
    <subfield code="z">set of 3 vols</subfield>
  </datafield>
  <datafield tag="952" ind1=" " ind2=" ">
    <subfield code="0">0</subfield>
    <subfield code="1">0</subfield>
    <subfield code="3">V.2</subfield>
    <subfield code="4">0</subfield>
    <subfield code="7">0</subfield>
    <subfield code="8">NFIC</subfield>
    <subfield code="a">ZLS</subfield>
    <subfield code="b">ZLS</subfield>
    <subfield code="d">2014-03-24</subfield>
    <subfield code="e">Mallika Books/99/15.03.2013/174/08.03.2013/28.03.2013</subfield>
    <subfield code="g">4800.00</subfield>
    <subfield code="l">1</subfield>
    <subfield code="o">921 GAN</subfield>
    <subfield code="p">B-519542</subfield>
    <subfield code="r">2022-09-15 00:00:00</subfield>
    <subfield code="s">2022-08-26</subfield>
    <subfield code="t">1</subfield>
    <subfield code="v">4800.00</subfield>
    <subfield code="y">EN</subfield>
    <subfield code="z">set of 3 vols</subfield>
  </datafield>
  <datafield tag="952" ind1=" " ind2=" ">
    <subfield code="0">0</subfield>
    <subfield code="1">0</subfield>
    <subfield code="3">V.3</subfield>
    <subfield code="4">0</subfield>
    <subfield code="7">0</subfield>
    <subfield code="8">NFIC</subfield>
    <subfield code="a">ZLS</subfield>
    <subfield code="b">ZLS</subfield>
    <subfield code="d">2014-03-24</subfield>
    <subfield code="e">Mallika Books/99/15.03.2013/174/08.03.2013/28.03.2013</subfield>
    <subfield code="g">4800.00</subfield>
    <subfield code="l">1</subfield>
    <subfield code="m">2</subfield>
    <subfield code="o">921 GAN</subfield>
    <subfield code="p">B-519543</subfield>
    <subfield code="r">2021-03-20 00:00:00</subfield>
    <subfield code="s">2021-02-04</subfield>
    <subfield code="t">1</subfield>
    <subfield code="v">4800.00</subfield>
    <subfield code="y">EN</subfield>
    <subfield code="z">set of 3 vols</subfield>
  </datafield>
  <datafield tag="952" ind1=" " ind2=" ">
    <subfield code="0">0</subfield>
    <subfield code="1">0</subfield>
    <subfield code="3">V.1</subfield>
    <subfield code="4">0</subfield>
    <subfield code="7">0</subfield>
    <subfield code="8">NFIC</subfield>
    <subfield code="a">RKP</subfield>
    <subfield code="b">RKP</subfield>
    <subfield code="d">2014-03-24</subfield>
    <subfield code="e">Mallika Books/99/15.03.2013/174/08.03.2013/28.03.2013</subfield>
    <subfield code="g">4800.00</subfield>
    <subfield code="l">1</subfield>
    <subfield code="o">921 GAN</subfield>
    <subfield code="p">B-519544</subfield>
    <subfield code="r">2019-10-10 00:00:00</subfield>
    <subfield code="s">2019-09-26</subfield>
    <subfield code="t">1</subfield>
    <subfield code="v">4800.00</subfield>
    <subfield code="y">EN</subfield>
    <subfield code="z">set of 3 vols</subfield>
  </datafield>
  <datafield tag="952" ind1=" " ind2=" ">
    <subfield code="0">0</subfield>
    <subfield code="1">0</subfield>
    <subfield code="3">V.2</subfield>
    <subfield code="4">0</subfield>
    <subfield code="7">0</subfield>
    <subfield code="8">NFIC</subfield>
    <subfield code="a">RKP</subfield>
    <subfield code="b">RKP</subfield>
    <subfield code="d">2014-03-24</subfield>
    <subfield code="e">Mallika Books/99/15.03.2013/174/08.03.2013/28.03.2013</subfield>
    <subfield code="g">4800.00</subfield>
    <subfield code="l">0</subfield>
    <subfield code="o">921 GAN</subfield>
    <subfield code="p">B-519545</subfield>
    <subfield code="r">2014-03-24 00:00:00</subfield>
    <subfield code="t">1</subfield>
    <subfield code="v">4800.00</subfield>
    <subfield code="y">EN</subfield>
    <subfield code="z">set of 3 vols</subfield>
  </datafield>
  <datafield tag="952" ind1=" " ind2=" ">
    <subfield code="0">0</subfield>
    <subfield code="1">0</subfield>
    <subfield code="3">V.3</subfield>
    <subfield code="4">0</subfield>
    <subfield code="7">0</subfield>
    <subfield code="8">NFIC</subfield>
    <subfield code="a">RKP</subfield>
    <subfield code="b">RKP</subfield>
    <subfield code="d">2014-03-24</subfield>
    <subfield code="e">Mallika Books/99/15.03.2013/174/08.03.2013/28.03.2013</subfield>
    <subfield code="g">4800.00</subfield>
    <subfield code="l">1</subfield>
    <subfield code="o">921 GAN</subfield>
    <subfield code="p">B-519546</subfield>
    <subfield code="r">2019-10-10 00:00:00</subfield>
    <subfield code="s">2019-09-26</subfield>
    <subfield code="t">1</subfield>
    <subfield code="v">4800.00</subfield>
    <subfield code="y">EN</subfield>
    <subfield code="z">set of 3 vols</subfield>
  </datafield>
  <datafield tag="952" ind1=" " ind2=" ">
    <subfield code="0">0</subfield>
    <subfield code="1">0</subfield>
    <subfield code="3">V.1</subfield>
    <subfield code="4">0</subfield>
    <subfield code="7">0</subfield>
    <subfield code="8">NFIC</subfield>
    <subfield code="a">SP</subfield>
    <subfield code="b">SP</subfield>
    <subfield code="d">2014-03-24</subfield>
    <subfield code="e">Mallika Books/99/15.03.2013/174/08.03.2013/28.03.2013</subfield>
    <subfield code="g">4800.00</subfield>
    <subfield code="l">0</subfield>
    <subfield code="o">921 GAN</subfield>
    <subfield code="p">B-519547</subfield>
    <subfield code="r">2014-03-24 00:00:00</subfield>
    <subfield code="t">1</subfield>
    <subfield code="v">4800.00</subfield>
    <subfield code="y">EN</subfield>
    <subfield code="z">set of 3 vols</subfield>
  </datafield>
  <datafield tag="952" ind1=" " ind2=" ">
    <subfield code="0">0</subfield>
    <subfield code="1">0</subfield>
    <subfield code="3">V.2</subfield>
    <subfield code="4">0</subfield>
    <subfield code="7">0</subfield>
    <subfield code="8">NFIC</subfield>
    <subfield code="a">SP</subfield>
    <subfield code="b">SP</subfield>
    <subfield code="d">2014-03-24</subfield>
    <subfield code="e">Mallika Books/99/15.03.2013/174/08.03.2013/28.03.2013</subfield>
    <subfield code="g">4800.00</subfield>
    <subfield code="l">0</subfield>
    <subfield code="o">921 GAN</subfield>
    <subfield code="p">B-519548</subfield>
    <subfield code="r">2014-03-24 00:00:00</subfield>
    <subfield code="t">1</subfield>
    <subfield code="v">4800.00</subfield>
    <subfield code="y">EN</subfield>
    <subfield code="z">set of 3 vols</subfield>
  </datafield>
  <datafield tag="952" ind1=" " ind2=" ">
    <subfield code="0">0</subfield>
    <subfield code="1">0</subfield>
    <subfield code="3">V.3</subfield>
    <subfield code="4">0</subfield>
    <subfield code="7">0</subfield>
    <subfield code="8">NFIC</subfield>
    <subfield code="a">SP</subfield>
    <subfield code="b">SP</subfield>
    <subfield code="d">2014-03-24</subfield>
    <subfield code="e">Mallika Books/99/15.03.2013/174/08.03.2013/28.03.2013</subfield>
    <subfield code="g">4800.00</subfield>
    <subfield code="l">0</subfield>
    <subfield code="o">921 GAN</subfield>
    <subfield code="p">B-519549</subfield>
    <subfield code="r">2014-03-24 00:00:00</subfield>
    <subfield code="t">1</subfield>
    <subfield code="v">4800.00</subfield>
    <subfield code="y">EN</subfield>
    <subfield code="z">set of 3 vols</subfield>
  </datafield>
  <datafield tag="952" ind1=" " ind2=" ">
    <subfield code="0">0</subfield>
    <subfield code="1">0</subfield>
    <subfield code="3">V.1</subfield>
    <subfield code="4">0</subfield>
    <subfield code="7">0</subfield>
    <subfield code="8">NFIC</subfield>
    <subfield code="a">ZLS</subfield>
    <subfield code="b">ZLS</subfield>
    <subfield code="d">2014-03-24</subfield>
    <subfield code="e">Mallika Books/99/15.03.2013/174/08.03.2013/28.03.2013</subfield>
    <subfield code="g">4800.00</subfield>
    <subfield code="l">1</subfield>
    <subfield code="o">921 GAN</subfield>
    <subfield code="p">B-519550</subfield>
    <subfield code="r">2021-04-22 00:00:00</subfield>
    <subfield code="s">2021-03-20</subfield>
    <subfield code="t">1</subfield>
    <subfield code="v">4800.00</subfield>
    <subfield code="y">EN</subfield>
    <subfield code="z">set of 3 vols</subfield>
  </datafield>
  <datafield tag="952" ind1=" " ind2=" ">
    <subfield code="0">0</subfield>
    <subfield code="1">0</subfield>
    <subfield code="3">V.2</subfield>
    <subfield code="4">0</subfield>
    <subfield code="7">0</subfield>
    <subfield code="8">NFIC</subfield>
    <subfield code="a">QRP</subfield>
    <subfield code="b">QRP</subfield>
    <subfield code="d">2014-03-24</subfield>
    <subfield code="e">Mallika Books/99/15.03.2013/174/08.03.2013/28.03.2013</subfield>
    <subfield code="g">4800.00</subfield>
    <subfield code="l">2</subfield>
    <subfield code="m">3</subfield>
    <subfield code="o">921 GAN</subfield>
    <subfield code="p">B-519551</subfield>
    <subfield code="r">2019-03-13 00:00:00</subfield>
    <subfield code="s">2019-02-13</subfield>
    <subfield code="t">1</subfield>
    <subfield code="v">4800.00</subfield>
    <subfield code="y">EN</subfield>
    <subfield code="z">set of 3 vols</subfield>
  </datafield>
  <datafield tag="952" ind1=" " ind2=" ">
    <subfield code="0">0</subfield>
    <subfield code="1">0</subfield>
    <subfield code="3">V.3</subfield>
    <subfield code="4">0</subfield>
    <subfield code="7">0</subfield>
    <subfield code="8">NFIC</subfield>
    <subfield code="a">ZLS</subfield>
    <subfield code="b">ZLS</subfield>
    <subfield code="d">2014-03-24</subfield>
    <subfield code="e">Mallika Books/99/15.03.2013/174/08.03.2013/28.03.2013</subfield>
    <subfield code="g">4800.00</subfield>
    <subfield code="l">1</subfield>
    <subfield code="o">921 GAN</subfield>
    <subfield code="p">B-519552</subfield>
    <subfield code="r">2022-09-15 00:00:00</subfield>
    <subfield code="s">2022-08-26</subfield>
    <subfield code="t">1</subfield>
    <subfield code="v">4800.00</subfield>
    <subfield code="y">EN</subfield>
    <subfield code="z">set of 3 vols</subfield>
  </datafield>
  <datafield tag="952" ind1=" " ind2=" ">
    <subfield code="0">0</subfield>
    <subfield code="1">0</subfield>
    <subfield code="3">V.1</subfield>
    <subfield code="4">0</subfield>
    <subfield code="7">0</subfield>
    <subfield code="8">NFIC</subfield>
    <subfield code="a">VP</subfield>
    <subfield code="b">VP</subfield>
    <subfield code="d">2014-03-24</subfield>
    <subfield code="e">Mallika Books/99/15.03.2013/174/08.03.2013/28.03.2013</subfield>
    <subfield code="g">4800.00</subfield>
    <subfield code="l">3</subfield>
    <subfield code="o">921 GAN</subfield>
    <subfield code="p">B-519553</subfield>
    <subfield code="q">2017-09-02</subfield>
    <subfield code="r">2017-08-19 00:00:00</subfield>
    <subfield code="s">2017-08-19</subfield>
    <subfield code="t">1</subfield>
    <subfield code="v">4800.00</subfield>
    <subfield code="y">EN</subfield>
    <subfield code="z">set of 3 vols</subfield>
  </datafield>
  <datafield tag="952" ind1=" " ind2=" ">
    <subfield code="0">0</subfield>
    <subfield code="1">0</subfield>
    <subfield code="3">V.2</subfield>
    <subfield code="4">0</subfield>
    <subfield code="7">0</subfield>
    <subfield code="8">NFIC</subfield>
    <subfield code="a">VP</subfield>
    <subfield code="b">VP</subfield>
    <subfield code="d">2014-03-24</subfield>
    <subfield code="e">Mallika Books/99/15.03.2013/174/08.03.2013/28.03.2013</subfield>
    <subfield code="g">4800.00</subfield>
    <subfield code="l">1</subfield>
    <subfield code="o">921 GAN</subfield>
    <subfield code="p">B-519554</subfield>
    <subfield code="r">2016-01-05 00:00:00</subfield>
    <subfield code="s">2015-12-22</subfield>
    <subfield code="t">1</subfield>
    <subfield code="v">4800.00</subfield>
    <subfield code="y">EN</subfield>
    <subfield code="z">set of 3 vols</subfield>
  </datafield>
  <datafield tag="952" ind1=" " ind2=" ">
    <subfield code="0">0</subfield>
    <subfield code="1">0</subfield>
    <subfield code="3">V.3</subfield>
    <subfield code="4">0</subfield>
    <subfield code="7">0</subfield>
    <subfield code="8">NFIC</subfield>
    <subfield code="a">VP</subfield>
    <subfield code="b">VP</subfield>
    <subfield code="d">2014-03-24</subfield>
    <subfield code="e">Mallika Books/99/15.03.2013/174/08.03.2013/28.03.2013</subfield>
    <subfield code="g">4800.00</subfield>
    <subfield code="l">5</subfield>
    <subfield code="m">3</subfield>
    <subfield code="o">921 GAN</subfield>
    <subfield code="p">B-519555</subfield>
    <subfield code="r">2020-11-21 00:00:00</subfield>
    <subfield code="s">2020-11-07</subfield>
    <subfield code="t">1</subfield>
    <subfield code="v">4800.00</subfield>
    <subfield code="y">EN</subfield>
    <subfield code="z">set of 3 vols</subfield>
  </datafield>
  <datafield tag="952" ind1=" " ind2=" ">
    <subfield code="0">0</subfield>
    <subfield code="1">0</subfield>
    <subfield code="3">V.1</subfield>
    <subfield code="4">0</subfield>
    <subfield code="7">0</subfield>
    <subfield code="8">NFIC</subfield>
    <subfield code="a">BL3</subfield>
    <subfield code="b">BL3</subfield>
    <subfield code="d">2014-03-24</subfield>
    <subfield code="e">Mallika Books/99/15.03.2013/174/08.03.2013/28.03.2013</subfield>
    <subfield code="g">4800.00</subfield>
    <subfield code="l">0</subfield>
    <subfield code="o">921 GAN</subfield>
    <subfield code="p">B-519556</subfield>
    <subfield code="r">2014-03-24 00:00:00</subfield>
    <subfield code="t">1</subfield>
    <subfield code="v">4800.00</subfield>
    <subfield code="y">EN</subfield>
    <subfield code="z">set of 3 vols</subfield>
  </datafield>
  <datafield tag="952" ind1=" " ind2=" ">
    <subfield code="0">0</subfield>
    <subfield code="1">0</subfield>
    <subfield code="3">V.2</subfield>
    <subfield code="4">0</subfield>
    <subfield code="7">0</subfield>
    <subfield code="8">NFIC</subfield>
    <subfield code="a">BL3</subfield>
    <subfield code="b">BL3</subfield>
    <subfield code="d">2014-03-24</subfield>
    <subfield code="e">Mallika Books/99/15.03.2013/174/08.03.2013/28.03.2013</subfield>
    <subfield code="g">4800.00</subfield>
    <subfield code="l">0</subfield>
    <subfield code="o">921 GAN</subfield>
    <subfield code="p">B-519557</subfield>
    <subfield code="r">2014-03-24 00:00:00</subfield>
    <subfield code="t">1</subfield>
    <subfield code="v">4800.00</subfield>
    <subfield code="y">EN</subfield>
    <subfield code="z">set of 3 vols</subfield>
  </datafield>
  <datafield tag="952" ind1=" " ind2=" ">
    <subfield code="0">0</subfield>
    <subfield code="1">0</subfield>
    <subfield code="3">V.3</subfield>
    <subfield code="4">0</subfield>
    <subfield code="7">0</subfield>
    <subfield code="8">NFIC</subfield>
    <subfield code="a">BL3</subfield>
    <subfield code="b">BL3</subfield>
    <subfield code="d">2014-03-24</subfield>
    <subfield code="e">Mallika Books/99/15.03.2013/174/08.03.2013/28.03.2013</subfield>
    <subfield code="g">4800.00</subfield>
    <subfield code="l">0</subfield>
    <subfield code="o">921 GAN</subfield>
    <subfield code="p">B-519558</subfield>
    <subfield code="r">2014-03-24 00:00:00</subfield>
    <subfield code="t">1</subfield>
    <subfield code="v">4800.00</subfield>
    <subfield code="y">EN</subfield>
    <subfield code="z">set of 3 vols</subfield>
  </datafield>
  <datafield tag="952" ind1=" " ind2=" ">
    <subfield code="0">0</subfield>
    <subfield code="1">0</subfield>
    <subfield code="3">V.1</subfield>
    <subfield code="4">0</subfield>
    <subfield code="7">0</subfield>
    <subfield code="8">NFIC</subfield>
    <subfield code="a">NR</subfield>
    <subfield code="b">NR</subfield>
    <subfield code="d">2014-03-24</subfield>
    <subfield code="e">Mallika Books/99/15.03.2013/174/08.03.2013/28.03.2013</subfield>
    <subfield code="g">4800.00</subfield>
    <subfield code="l">0</subfield>
    <subfield code="o">921 GAN</subfield>
    <subfield code="p">B-519559</subfield>
    <subfield code="r">2014-03-24 00:00:00</subfield>
    <subfield code="t">1</subfield>
    <subfield code="v">4800.00</subfield>
    <subfield code="y">EN</subfield>
    <subfield code="z">set of 3 vols</subfield>
  </datafield>
  <datafield tag="952" ind1=" " ind2=" ">
    <subfield code="0">0</subfield>
    <subfield code="1">0</subfield>
    <subfield code="3">V.2</subfield>
    <subfield code="4">0</subfield>
    <subfield code="7">0</subfield>
    <subfield code="8">NFIC</subfield>
    <subfield code="a">NR</subfield>
    <subfield code="b">NR</subfield>
    <subfield code="d">2014-03-24</subfield>
    <subfield code="e">Mallika Books/99/15.03.2013/174/08.03.2013/28.03.2013</subfield>
    <subfield code="g">4800.00</subfield>
    <subfield code="l">0</subfield>
    <subfield code="o">921 GAN</subfield>
    <subfield code="p">B-519560</subfield>
    <subfield code="r">2014-03-24 00:00:00</subfield>
    <subfield code="t">1</subfield>
    <subfield code="v">4800.00</subfield>
    <subfield code="y">EN</subfield>
    <subfield code="z">set of 3 vols</subfield>
  </datafield>
  <datafield tag="952" ind1=" " ind2=" ">
    <subfield code="0">0</subfield>
    <subfield code="1">0</subfield>
    <subfield code="3">V.3</subfield>
    <subfield code="4">0</subfield>
    <subfield code="7">0</subfield>
    <subfield code="8">NFIC</subfield>
    <subfield code="a">NR</subfield>
    <subfield code="b">NR</subfield>
    <subfield code="d">2014-03-24</subfield>
    <subfield code="e">Mallika Books/99/15.03.2013/174/08.03.2013/28.03.2013</subfield>
    <subfield code="g">4800.00</subfield>
    <subfield code="l">0</subfield>
    <subfield code="o">921 GAN</subfield>
    <subfield code="p">B-519561</subfield>
    <subfield code="r">2014-03-24 00:00:00</subfield>
    <subfield code="t">1</subfield>
    <subfield code="v">4800.00</subfield>
    <subfield code="y">EN</subfield>
    <subfield code="z">set of 3 vols</subfield>
  </datafield>
  <datafield tag="952" ind1=" " ind2=" ">
    <subfield code="0">0</subfield>
    <subfield code="1">0</subfield>
    <subfield code="3">V.1</subfield>
    <subfield code="4">0</subfield>
    <subfield code="7">0</subfield>
    <subfield code="8">NFIC</subfield>
    <subfield code="a">BL4</subfield>
    <subfield code="b">BL4</subfield>
    <subfield code="d">2014-03-24</subfield>
    <subfield code="e">Mallika Books/99/15.03.2013/174/08.03.2013/28.03.2013</subfield>
    <subfield code="g">4800.00</subfield>
    <subfield code="l">5</subfield>
    <subfield code="o">921 GAN</subfield>
    <subfield code="p">B-519562</subfield>
    <subfield code="r">2023-01-25 00:00:00</subfield>
    <subfield code="s">2023-01-12</subfield>
    <subfield code="t">1</subfield>
    <subfield code="v">4800.00</subfield>
    <subfield code="y">EN</subfield>
    <subfield code="z">set of 3 vols</subfield>
  </datafield>
  <datafield tag="952" ind1=" " ind2=" ">
    <subfield code="0">0</subfield>
    <subfield code="1">0</subfield>
    <subfield code="3">V.2</subfield>
    <subfield code="4">0</subfield>
    <subfield code="7">0</subfield>
    <subfield code="8">NFIC</subfield>
    <subfield code="a">BL4</subfield>
    <subfield code="b">BL4</subfield>
    <subfield code="d">2014-03-24</subfield>
    <subfield code="e">Mallika Books/99/15.03.2013/174/08.03.2013/28.03.2013</subfield>
    <subfield code="g">4800.00</subfield>
    <subfield code="l">0</subfield>
    <subfield code="o">921 GAN</subfield>
    <subfield code="p">B-519563</subfield>
    <subfield code="r">2014-03-24 00:00:00</subfield>
    <subfield code="t">1</subfield>
    <subfield code="v">4800.00</subfield>
    <subfield code="y">EN</subfield>
    <subfield code="z">set of 3 vols</subfield>
  </datafield>
  <datafield tag="952" ind1=" " ind2=" ">
    <subfield code="0">0</subfield>
    <subfield code="1">0</subfield>
    <subfield code="3">V.3</subfield>
    <subfield code="4">0</subfield>
    <subfield code="7">0</subfield>
    <subfield code="8">NFIC</subfield>
    <subfield code="a">BL4</subfield>
    <subfield code="b">BL4</subfield>
    <subfield code="d">2014-03-24</subfield>
    <subfield code="e">Mallika Books/99/15.03.2013/174/08.03.2013/28.03.2013</subfield>
    <subfield code="g">4800.00</subfield>
    <subfield code="l">5</subfield>
    <subfield code="o">921 GAN</subfield>
    <subfield code="p">B-519564</subfield>
    <subfield code="r">2025-10-16 00:00:00</subfield>
    <subfield code="s">2025-10-03</subfield>
    <subfield code="t">1</subfield>
    <subfield code="v">4800.00</subfield>
    <subfield code="y">EN</subfield>
    <subfield code="z">set of 3 vols</subfield>
  </datafield>
</record>
